Quel sport est ainsi illustré sur Wikipedia ? Lettres O, P & Q - Statistiques

Statistiques générales
  • Ce quiz a été pris 20 fois
  • Le résultat moyen est 13 sur 27
Statistiques - réponses
Par images Hint Réponse % Correct
1 mot Pétanque
95%
1 mot Plongeon
89%
1 mot Polo
79%
1 mot Padel
74%
2 mots Patinage artistique
74%
3 mots Planche à voile
74%
1 mot Quidditch
74%
1 mot Paintball
68%
1 mot Parapente
63%
3 mots Patinage de vitesse
63%
2 mots Pole dance
63%
1 mot Parkour
58%
2 mots Pelote basque
58%
1 mot Planeur | Vol à voile
53%
2 mots Plongée sous-marine
53%
1 mot Paddle | Stand up paddle
47%
2 mots Pêche sportive
47%
1 mot Palet | Marelle
42%
1 mot Parachutisme
42%
2 mots Patinage synchronisé
26%
1 mot Pentathlon
11%
1 mot Pilates
11%
2 mots Qi gong
5%
1 mot Plumfoot
0%
1 mot Quad
0%
3 mots Quilles de huit
0%
3 mots Qwan Ki Do
0%
Aucun quiz correspondant
Distribution des résultats
% des personnes avec chaque résultat
Percentile par nombre de réponses
Votre historique - résultats
Vous n’avez pas pris ce quiz